[Event "Lonigo CIS 54th Serie B Girone 6"]
[Site "Lonigo"]
[Date "2023.05.19"]
[Round "1.2"]
[White "Gruden, Matej"]
[Black "Pesavento, Mose"]
[Result "1/2-1/2"]
[WhiteElo "1834"]
[BlackElo "1625"]
[PlyCount "124"]
[EventDate "2023.05.19"]
[EventType "team-tourn"]
[EventRounds "5"]
[EventCountry "ITA"]
[SourceTitle "EXT 2024"]
[Source "ChessBase"]
[SourceDate "2023.10.10"]
[SourceVersion "1"]
[SourceVersionDate "2023.10.10"]
[SourceQuality "1"]
[WhiteTeam "Trieste Lab Sah"]
[BlackTeam "Montebelluna Vergani II"]
[WhiteTeamCountry "ITA"]
[BlackTeamCountry "ITA"]

1. d4 Nf6 2. c4 c5 3. d5 b5 4. cxb5 a6 5. f3 d6 6. e4 Nbd7 7. Nc3 g6 8. Bg5 Bg7 9. Qd2 h6 10. Bf4 Bb7 11. a4 Qa5 12. Bd3 Nh5 13. Be3 Bxc3 14. bxc3 Ne5 15. Be2 g5 16. c4 Qxd2+ 17. Bxd2 a5 18. g3 Nf6 19. h4 g4 20. f4 Ned7 21. Bd3 e5 22. h5 Kd8 23. Ne2 Re8 24. Nc3 exf4 25. gxf4 Nxe4 26. Nxe4 Nf6 27. 0-0-0 Nxe4 28. Rde1 Nxd2 29. Kxd2 Bc8 30. f5 Rg8 31. Ke3 f6 32. Kf4 Ra7 33. Re3 Rag7 34. Rg3 Rg5 35. Bc2 Bd7 36. Rh2 Kc7 37. Rh1 Kd8 38. Rh4 Kc7 39. Rh1 Kd8 40. b6 Bc8 41. Rb3 R8g7 42. Rb5 g3 43. Rxa5 Rg4+ 44. Kf3 Rxc4 45. Ra7 Rb7 46. Bd3 Rxa7 47. bxa7 Rxa4 48. Rg1 Rxa7 49. Rxg3 Ra3 50. Rg8+ Kc7 51. Ke2 Ra2+ 52. Ke3 Ra3 53. Ke2 Ra2+ 54. Kf3 Rh2 55. Rg6 Rxh5 56. Rxf6 Rh3+ 57. Ke4 Rh4+ 58. Ke3 Rh3+ 59. Ke2 Rh2+ 60. Ke3 Rh3+ 61. Ke2 Rh2+ 62. Ke3 Rh3+ 1/2-1/2

[Event "Chioggia op-C 14th"]
[Site "Chioggia"]
[Date "2019.10.06"]
[Round "5"]
[White "Lin, Yan Antonio"]
[Black "Pesavento, Mose"]
[Result "0-1"]
[WhiteElo "1440"]
[BlackElo "1145"]
[PlyCount "57"]
[EventDate "2019.10.04"]
[EventType "swiss"]
[EventRounds "5"]
[EventCountry "ITA"]
[SourceTitle "EXT 2022"]
[Source "ChessBase"]
[SourceDate "2021.10.06"]
[SourceVersion "1"]
[SourceVersionDate "2021.10.06"]
[SourceQuality "1"]

1. e4 e5 2. Nf3 Nc6 3. Bc4 Bc5 4. 0-0 d6 5. d3 h6 6. b3 Bg4 7. Nbd2 Nd4 8. Bb2 Nxf3+ 9. Nxf3 Qf6 10. a4 Ne7 11. c3 a6 12. d4 exd4 13. cxd4 Ba7 14. e5 dxe5 15. dxe5 Qc6 16. Qd3 Bxf3 17. Qxf3 0-0 18. Qg3 Qg6 19. Qc3 Nf5 20. Bd3 Qg5 21. Qc4 c6 22. e6 Nd6 23. Qb4 c5 24. Qe1 Rfe8 25. Bc1 Qe7 26. Qe2 Qxe6 27. Qf3 Re7 28. Qg3 Bb8 29. Bc2 0-1

[Event "Chioggia op-C 14th"]
[Site "Chioggia"]
[Date "2019.10.06"]
[Round "4"]
[White "Pesavento, Mose"]
[Black "Gallo, Fausto"]
[Result "0-1"]
[WhiteElo "1145"]
[BlackElo "1468"]
[PlyCount "98"]
[EventDate "2019.10.04"]
[EventType "swiss"]
[EventRounds "5"]
[EventCountry "ITA"]
[SourceTitle "EXT 2022"]
[Source "ChessBase"]
[SourceDate "2021.10.06"]
[SourceVersion "1"]
[SourceVersionDate "2021.10.06"]
[SourceQuality "1"]

1. e4 c5 2. Nf3 d6 3. d4 cxd4 4. Nxd4 Nf6 5. Nc3 a6 6. a4 g6 7. Be3 Bg7 8. f3 0-0 9. Bc4 Nbd7 10. Qd2 Qc7 11. Ba2 Ne5 12. Bh6 Nc4 13. Bxc4 Qxc4 14. Bxg7 Kxg7 15. 0-0-0 Bd7 16. a5 Rfc8 17. h4 Rc7 18. g4 h5 19. gxh5 Nxh5 20. Qg5 e6 21. Nb3 f6 22. Qg2 Nf4 23. Qd2 e5 24. Rh2 Ba4 25. Nxa4 Qxa4 26. Qxd6 Rac8 27. Qa3 Qc4 28. Na1 Ne2+ 29. Kb1 Nd4 30. Qd3 Qb4 31. c3 Rxc3 32. Qd2 Qb5 33. Rf2 Ra3 34. Qe1 Rxa1+ 35. Kxa1 Qa4+ 36. Kb1 Nb3 37. Rd7+ Qxd7 38. Qb4 Qd1+ 39. Ka2 Nc1+ 40. Ka3 Qd3+ 41. b3 Qd7 42. Rd2 Nd3 43. Qb6 Qe7+ 44. b4 Rc3+ 45. Ka4 Qd7+ 46. b5 axb5+ 47. Qxb5 Rc4+ 48. Ka3 Qxb5 49. Rxd3 Ra4# 0-1